000 01059nam a2200265Ia 4500
003 OSt
005 20221005104520.0
006 a|||||r|||| 00| 0
007 ta
008 221004b |||||||| |||| 00| 0 hin d
020 _a9789381945223 (hbk)
_cINR 395.00
024 _a29573
037 _b277, 03/03/2017, Eastern Book Linkers
_cTextual
040 _aCRL
_cCRL
_bhin
041 _2hin
_ahin
082 _aO152,6N12w, Q3
100 _aतिवारी, अजय, संपा.
245 0 _aजन इतिहास का नज़रिया
_b रामविलास शर्मा के संवाद
246 _aJan itihās kā naज़riyā: rāmavilās sharmā ke sanvāda
260 _aदिल्ली
_bयश पब्लिकेशन्स भारत
_c2013
300 _a224पृ0
_ccm.
650 _aहिन्दी निबंध
942 _hO152,6N12w, Q3
_cTEXL
_2cc
999 _c1012940
_d1012940